Fortnite - Les skins des passes de combat Chapitre 1 - Statistiques

Statistiques générales
  • Ce quiz a été pris 1 012 fois
  • Le résultat moyen est 10 sur 68
Statistiques - réponses
Obtentions Skins % Correct
Saison 2 - Palier 70 Chevalier Noir
87%
Saison 4 - Palier 100 Omega
54%
Saison 5 - Palier 1 Nomade
39%
Saison 4 - Palier 1 Carburo
37%
Saison 3 - Palier 100 Le Faucheur
35%
Saison 5 - Palier 100 Ragnarok
35%
Saison 8 - Palier 47 Banane
31%
Saison 7 - Palier 100 Roi des Glaces
28%
Saison 8 - Palier 100 Ambre
26%
Saison 7 - Palier 1 Lynx
26%
Saison 4 - Skin Caché Le Visiteur
25%
Saison 6 - Palier 1 Calamité
21%
Saison 3 - Palier 87 Agent d'Elite
19%
Saison 4 - Palier 23 Graffeuse
19%
Saison 4 - Palier 47 Zoey
19%
Saison 1 - Achat au niveau 20 Ecumeuse Renégate
18%
Saison 6 - Palier 100 Lycan
18%
Saison 7 - Skin Caché Le Prisonnier
17%
Saison 6 - Palier 1 DJ Lama
16%
Saison 3 - Palier 23 Roi de la Rouille
16%
Saison 5 - Palier 47 Sauveteuse
16%
Saison 4 - Palier 71 Valora
16%
Saison 1 - Achat au niveau 15 Aérostier
14%
Saison 6 - Palier 47 Chaperon
14%
Saison 8 - Palier 1 Hybride
13%
Saison 9 - Palier 23 Jonesy du Bunker
13%
Saison 3 - Palier 70 Voyageur Noir
13%
Saison 2 - Palier 1 Ecuyer Bleu
12%
Saison 9 - Palier 1 Rox
12%
Saison 10 - Skin Caché Le Scientifique
11%
Saison 8 - Palier 1 Coeur Noir
10%
Saison 8 - Skin Caché Ruine
10%
Saison 7 - Palier 71 Trog
10%
Saison 10 - Palier 100 Chevalier Ultime
9%
Saison 9 - Palier 100 Vendetta
9%
Saison 7 - Palier 1 Zénith
9%
Saison 10 - Palier 23 Graffeuse de Tilted
8%
Saison 4 - Palier 1 Le Faucon
8%
Saison 9 - Palier 87 Méta
8%
Saison 9 - Palier 1 Sentinelle
8%
Saison 4 - Palier 87 Chef de Section
7%
Saison 6 - Skin Caché C.I.B.L.E.
7%
Saison 10 - Palier 1 Déclic
7%
Saison 8 - Palier 87 Gardien des Clés
7%
Saison 7 - Palier 87 Grenouillère
7%
Saison 5 - Palier 23 Ligne Rouge
7%
Saison 5 - Palier 87 Secrétaire de Guerre
7%
Saison 7 - Palier 23 Sergent Frimas
7%
Saison 9 - Skin Caché Singularité
7%
Saison 2 - Palier 56 Soldat à Facettes
7%
Saison 6 - Palier 23 Fier Destrier
6%
Saison 5 - Palier 71 Marteau-Pilon
6%
Saison 7 - Palier 47 Poudreuse
6%
Saison 8 - Palier 71 Tison
6%
Saison 8 - Palier 23 Vipère
6%
Saison 6 - Palier 71 Crépuscule
5%
Saison 6 - Palier 86 Cucurbitacée
5%
Saison 5 - Skin Caché Exécuteur
5%
Saison 3 - Palier 1 Spationaute
5%
Saison 9 - Palier 47 Véga
5%
Saison 10 - Palier 87 Voyageur Eternel
5%
Saison 10 - Palier 70 Etincelle
4%
Saison 3 - Palier 55 Exploratrice Lunaire
4%
Saison 10 - Palier 47 Platine
4%
Saison 9 - Palier 71 Stratus
4%
Saison 10 - Palier 1 Maître Occulte
3%
Saison 2 - Palier 21 Chevaleresse Bleue
2%
Saison 5 - Palier 1 Chesseresse
1%
Aucun quiz correspondant
Distribution des résultats
% des personnes avec chaque résultat
Percentile par nombre de réponses
Votre historique - résultats
Vous n’avez pas pris ce quiz